| 000 | 00512nam a22001577a 4500 | ||
|---|---|---|---|
| 003 | OSt | ||
| 005 | 20151006104428.0 | ||
| 008 | 151006b xxu||||| |||| 00| 0 eng d | ||
| 040 | _cRUA | ||
| 082 | _aAGR KEA 2003 B029 Or.1 | ||
| 100 |
_92130 _aKEA KIMSAN |
||
| 245 | _aRice market study in kompong thom province, (ការសិក្សាទីផ្សារ អង្ករនៅខេត្តកំពង់ធំ) | ||
| 260 |
_aphnom penh _brua _c2003 |
||
| 300 |
_a49p. _bill. _c29cm. |
||
| 942 |
_2ddc _cAGR |
||
| 999 |
_c2001 _d2001 |
||